| 000 | 00754cam a2200229 a 4500 | ||
|---|---|---|---|
| 003 | CO-ViMGA | ||
| 005 | 20230915234537.0 | ||
| 008 | 020724s2002 ck rd 00010 spa d | ||
| 020 | _a9586483096 | ||
| 040 |
_aCO-ViMGA _bspa _cCO-ViMGA |
||
| 082 | 0 | 4 |
_aR070.03 _bC65d |
| 100 | 1 |
_aConsuegra, Jorge. _99354 |
|
| 240 | 0 | _aSantander-Bibliografía regional | |
| 245 | 1 | 0 |
_aDiccionario de periodismo, publicaciones y medios / _cJorge Consuegra. |
| 260 |
_aBogotá : _bEcoe Ediciones, _c2002. |
||
| 300 |
_a122 p. ; _c24 cm. |
||
| 504 | _aIncluye bibliografía. | ||
| 650 | 1 | 4 |
_aComunicación _v Diccionarios. _99356 |
| 650 | 1 | 4 |
_aMedios de comunicación de masas _v Diccionarios. _99357 |
| 650 | 1 | 4 |
_aPeriodismo _v Diccionarios. _99355 |
| 942 |
_2ddc _cBK |
||
| 999 |
_c37929 _d37929 |
||